[Event "VI Open"]
[Site "Crema ITA"]
[Date "2004.09.04"]
[Round "4"]
[White "Martino, Antonio M."]
[Black "Mussap, Angelo"]
[Result "1-0"]
[WhiteElo "2101"]
[BlackElo "1922"]
[PlyCount "85"]
[EventDate "2004.09.03"]

1. c4 e5 2. Nc3 Nf6 3. g3 Nc6 4. Bg2 d6 5. e4 Nd4 6. d3 h6 7. Nge2 Bg4 8. O-O
Nf3+ 9. Kh1 Qd7 10. Nd5 Nxd5 11. cxd5 Be7 12. h3 h5 13. Nc3 h4 14. Bxf3 Bxf3+
15. Qxf3 hxg3 16. Qf5 Qxf5 17. exf5 Rxh3+ 18. Kg2 Rh2+ 19. Kxg3 Rh5 20. Be3 Kd7
21. Rh1 Rxf5 22. Ne4 Rg8 23. Kg4 g6 24. Ng3 Rf6 25. Rh2 g5 26. Nf5 Bf8 27. Rah1
c6 28. Rh8 Rfg6 29. R1h7 Ke8 30. Rxg8 Rxg8 31. dxc6 bxc6 32. Bxa7 d5 33. a4 Bb4
34. Bb6 c5 35. a5 e4 36. dxe4 d4 37. a6 Kd7 38. Rxf7+ Kc6 39. Ne7+ Kxb6 40.
Nxg8 Kxa6 41. e5 d3 42. Rd7 d2 43. Rxd2 1-0

[Event "VI Open"]
[Site "Crema ITA"]
[Date "2004.09.04"]
[Round "4"]
[White "Miladinovic, Igor"]
[Black "Braghetta, Sergio"]
[Result "1-0"]
[WhiteElo "2630"]
[BlackElo "2289"]
[PlyCount "55"]
[EventDate "2004.09.03"]

1. d4 Nf6 2. Bg5 Ne4 3. Bf4 c5 4. f3 Qa5+ 5. c3 Nf6 6. Nd2 cxd4 7. Nb3 Qb6 8.
Qxd4 Nc6 9. Qxb6 axb6 10. Be3 b5 11. Nd4 Nxd4 12. Bxd4 d6 13. e4 Bd7 14. Bxf6
gxf6 15. a3 b4 16. cxb4 f5 17. Bd3 Bg7 18. O-O-O fxe4 19. fxe4 h5 20. Kb1 Rc8
21. Nf3 O-O 22. h3 Be6 23. Rhf1 Bc4 24. Bxc4 Rxc4 25. Rfe1 Rfc8 26. Re2 R8c7
27. Ka2 Bf6 28. Kb3 1-0

[Event "VI Open"]
[Site "Crema ITA"]
[Date "2004.09.04"]
[Round "4"]
[White "Milanesi, Erminio"]
[Black "Acunzo, Domenico"]
[Result "1-0"]
[WhiteElo "1634"]
[BlackElo "1732"]
[PlyCount "105"]
[EventDate "2004.09.03"]

1. e4 e6 2. d3 c5 3. g3 g6 4. Bg2 Bg7 5. Nh3 Ne7 6. O-O O-O 7. f3 Nbc6 8. Nf2
h6 9. c3 Kh7 10. Na3 b6 11. f4 Bb7 12. Be3 f5 13. e5 d6 14. d4 dxe5 15. dxe5
Nd5 16. Qe2 Nxe3 17. Qxe3 Qe7 18. Rfd1 Nd8 19. Rd2 Bxg2 20. Kxg2 Nf7 21. Rad1
Rad8 22. Rxd8 Rxd8 23. Rxd8 Qxd8 24. Qd3 Qa8+ 25. Kg1 Qb7 26. Nc4 Bf8 27. a4 g5
28. g4 Qd5 29. gxf5 gxf4 30. fxe6+ Qxd3 31. Nxd3 Ng5 32. Nxf4 Kg7 33. Nd6 Nf3+
34. Kg2 Nxe5 35. Nc8 Kf6 36. Nxa7 Bd6 37. Nc8 Nc4 38. Nxd6 Nxd6 39. Nd5+ Kxe6
40. Nxb6 Nb7 41. Nc4 Kd5 42. b3 Ke4 43. a5 Nd8 44. Nb2 Kd5 45. Kg3 Kc6 46. Kg4
Nb7 47. Nc4 Kb5 48. Kh5 Nxa5 49. Nxa5 Kxa5 50. b4+ cxb4 51. cxb4+ Kxb4 52. Kxh6
Kc5 53. Kg7 1-0

[Event "VI Open"]
[Site "Crema ITA"]
[Date "2004.09.04"]
[Round "4"]
[White "Panizzi, Giuseppe"]
[Black "Franco, Antonello"]
[Result "1-0"]
[WhiteElo "2091"]
[BlackElo "1829"]
[PlyCount "87"]
[EventDate "2004.09.03"]

1. d4 Nf6 2. Nf3 g6 3. c4 d6 4. Nc3 Bg7 5. e4 O-O 6. Be2 Nbd7 7. O-O a6 8. Bg5
h6 9. Bh4 g5 10. Bg3 Nh5 11. Ne1 Nxg3 12. fxg3 e5 13. d5 Nb6 14. Bd3 Bd7 15.
Nc2 Nc8 16. Ne3 Ne7 17. Qh5 Qc8 18. g4 Ng6 19. g3 Nf4 20. gxf4 exf4 21. Nf5
Bxf5 22. exf5 f6 23. Rfe1 Qd7 24. Re6 Rad8 25. Rae1 Rf7 26. Qh3 Qc8 27. Re7 Qb8
28. Qf1 Bf8 29. Rxf7 Kxf7 30. Re6 c6 31. Qf2 Qc7 32. Qd4 Bg7 33. dxc6 bxc6 34.
b3 Rd7 35. Na4 Qa5 36. Bf1 h5 37. h3 Kg8 38. Qc3 Qc7 39. Qe1 h4 40. Kg2 d5 41.
Nc5 f3+ 42. Kxf3 Qf4+ 43. Kg2 Rd8 44. Qe3 1-0

[Event "VI Open"]
[Site "Crema ITA"]
[Date "2004.09.04"]
[Round "4"]
[White "Pezzotta, Gianni"]
[Black "Rizzi, Pietro"]
[Result "1-0"]
[WhiteElo "1438"]
[BlackElo "1450"]
[PlyCount "79"]
[EventDate "2004.09.03"]

1. d4 f5 2. g3 Nf6 3. Bg2 g6 4. c4 Bg7 5. Nc3 d6 6. Nf3 c6 7. O-O O-O 8. Re1
Qe8 9. Qb3 Kh8 10. Qc2 e5 11. dxe5 dxe5 12. e4 f4 13. gxf4 Nh5 14. Ne2 exf4 15.
Bd2 Qe7 16. h4 Bg4 17. Bc3 Bxf3 18. Bxg7+ Nxg7 19. Bxf3 Qxh4 20. Rad1 Ne6 21.
Qc3+ Kg8 22. Nd4 Ng5 23. Kf1 Na6 24. Ke2 Nxf3 25. Qxf3 Qe7 26. Kf1 Qf7 27. b3
Nc5 28. Qg4 Kh8 29. f3 Rae8 30. Kf2 Re5 31. Rh1 h5 32. Rdg1 Rg8 33. Qh4 Rg7 34.
Rg5 Rxg5 35. Qxg5 Ne6 36. Nxe6 Qxe6 37. Qxf4 Rf7 38. Qe3 Kg7 39. Ke2 c5 40. Qd3
$139 1-0

[Event "VI Open"]
[Site "Crema ITA"]
[Date "2004.09.04"]
[Round "4"]
[White "Raffaldi, Fabrizio"]
[Black "Gualtieri, Primo"]
[Result "0-1"]
[WhiteElo "1736"]
[BlackElo "1574"]
[PlyCount "28"]
[EventDate "2004.09.03"]

1. e4 c5 2. Nf3 Nc6 3. d4 cxd4 4. Nxd4 Nf6 5. Nc3 e5 6. Nb3 Bb4 7. Bd3 d5 8.
exd5 Nxd5 9. Bd2 Nxc3 10. bxc3 Bd6 11. O-O O-O 12. Qh5 g6 13. Qe2 Re8 14. Be4
14... Bd7 $138 0-1

[Event "VI Open"]
[Site "Crema ITA"]
[Date "2004.09.04"]
[Round "4"]
[White "Saccani, Ettore"]
[Black "Conca, Mauro"]
[Result "1-0"]
[WhiteElo "1739"]
[BlackElo "1646"]
[PlyCount "103"]
[EventDate "2004.09.03"]

1. e4 e6 2. d4 c5 3. c3 Nf6 4. Bg5 Qa5 5. Bxf6 gxf6 6. Nf3 Nc6 7. Nbd2 Qc7 8.
Bd3 b6 9. Qe2 Bg7 10. Nc4 d6 11. Na3 a6 12. Rc1 b5 13. dxc5 dxc5 14. b3 Qa5 15.
Nb1 O-O 16. Qe3 Nd4 17. Nxd4 cxd4 18. Qxd4 Qxa2 19. e5 f5 20. Nd2 Bh6 21. f4
Bb7 22. c4 Qa3 23. O-O Rfd8 24. Qe3 Bf8 25. cxb5 axb5 26. Bxb5 Rac8 27. Nc4 Bb4
28. Qg3+ Kh8 29. Ba4 Bd5 30. Nd6 Bxd6 31. exd6 Qxd6 32. Rcd1 Rg8 33. Qf2 Qxf4
34. Qb2+ e5 35. Rxf4 Rxg2+ 36. Qxg2 Bxg2 37. Rxf5 Rg8 38. Kf2 e4 39. Rg1 Bh3
40. Rxg8+ Kxg8 41. Re5 f5 42. Bd7 e3+ 43. Rxe3 Bg4 44. Rg3 Kf7 45. Rxg4 fxg4
46. Bxg4 Kf6 47. Ke3 Ke5 48. b4 Kd5 49. b5 h6 50. Kf4 Kd6 51. Kf5 Kc5 52. Be2
1-0

[Event "VI Open"]
[Site "Crema ITA"]
[Date "2004.09.04"]
[Round "4"]
[White "Santandrea, Marco"]
[Black "Cammarota, Vittorio"]
[Result "1-0"]
[WhiteElo "1775"]
[BlackElo "1625"]
[PlyCount "93"]
[EventDate "2004.09.03"]

1. e4 e6 2. d4 d5 3. Nd2 dxe4 4. Nxe4 Nd7 5. Nf3 Ngf6 6. Bd3 Nxe4 7. Bxe4 Nf6
8. Qe2 Nxe4 9. Qxe4 c5 10. O-O cxd4 11. Nxd4 Be7 12. Be3 O-O 13. Rad1 Qa5 14.
a3 f5 15. Qd3 f4 16. Bc1 Qb6 17. Rfe1 Bh4 18. Qb5 Qxb5 19. Nxb5 Bd8 20. Bxf4
Ba5 21. Bd2 Bb6 22. Be3 Bxe3 23. Rxe3 b6 24. Nc7 Rb8 25. Nxe6 Re8 26. Nc7 Rxe3
27. Rd8+ Kf7 28. fxe3 Ke7 29. Rd2 Bf5 30. Nb5 a6 31. Nd4 Be4 32. Rf2 Rc8 33. c3
Rc5 34. Rf4 Bg6 35. Kf2 Kd6 36. h4 h6 37. Rg4 Bd3 38. Rxg7 b5 39. Ra7 Rc8 40.
Rxa6+ Kd5 41. Rxh6 Rf8+ 42. Kg3 Kc4 43. Rh5 Rb8 44. Rxb5 Be4 45. Rb4+ Kd3 46.
Nf3 Kxe3 47. Rxe4+ 1-0

[Event "VI Open"]
[Site "Crema ITA"]
[Date "2004.09.04"]
[Round "4"]
[White "Sartorio, Diego"]
[Black "Ferrero, Oscar"]
[Result "1/2-1/2"]
[WhiteElo "1959"]
[BlackElo "1699"]
[PlyCount "34"]
[EventDate "2004.09.03"]

1. e4 g6 2. d4 c6 3. Nc3 d5 4. e5 h5 5. Bd3 Nh6 6. Nf3 Bg4 7. h3 Bxf3 8. Qxf3
e6 9. Nd1 Nf5 10. Bxf5 gxf5 11. Nc3 Qb6 12. Ne2 Na6 13. c3 c5 14. Rb1 cxd4 15.
Nxd4 Qc7 16. Qe2 Qc4 17. Qxc4 dxc4 1/2-1/2

[Event "VI Open"]
[Site "Crema ITA"]
[Date "2004.09.04"]
[Round "4"]
[White "Vetturi, Pietro"]
[Black "Boninsegna, Ferdinando"]
[Result "1/2-1/2"]
[WhiteElo "1691"]
[BlackElo "1571"]
[PlyCount "58"]
[EventDate "2004.09.03"]

1. d4 Nf6 2. c4 e6 3. Nc3 Bb4 4. Qc2 O-O 5. a3 Bxc3+ 6. Qxc3 b6 7. e3 Bb7 8. f3
d5 9. Bd3 Nbd7 10. Ne2 Rc8 11. O-O dxc4 12. Bxc4 c5 13. Qd3 Re8 14. dxc5 Nxc5
15. Qxd8 Rexd8 16. Nc3 a6 17. Be2 Nb3 18. Rb1 b5 19. e4 h6 20. Be3 Nd2 21. Bxd2
Rxd2 22. Rfd1 Rcd8 23. Kf1 Kf8 24. Ke1 Rxd1+ 25. Rxd1 Rxd1+ 26. Kxd1 Ke7 27.
Kd2 Nd7 28. Ke3 Ne5 29. b3 Bc6 1/2-1/2

[Event "VI Open"]
[Site "Crema ITA"]
[Date "2004.09.05"]
[Round "5"]
[White "Agnelli, Francesco"]
[Black "Saccani, Ettore"]
[Result "0-1"]
[WhiteElo "2097"]
[BlackElo "1739"]
[PlyCount "60"]
[EventDate "2004.09.03"]

1. e4 e6 2. d4 d5 3. Nc3 Bb4 4. e5 c5 5. a3 Bxc3+ 6. bxc3 Ne7 7. Qg4 Qc7 8.
Qxg7 Rg8 9. Qxh7 cxd4 10. Ne2 Nbc6 11. f4 Bd7 12. Qd3 dxc3 13. Qxc3 O-O-O 14.
Rb1 Nf5 15. Rg1 Ncd4 16. Qxc7+ Kxc7 17. Nxd4 Nxd4 18. Kd1 Ba4 19. Rb2 Kb8 20.
g3 Nxc2 21. Rxc2 Rc8 22. Rgg2 d4 23. Bd3 Rc3 24. Kd2 Bxc2 25. Bb2 Bxd3 26. Bxc3
Be4 27. Re2 dxc3+ 28. Kxc3 Bf5 29. Kd4 Rd8+ 30. Kc5 Kc7 0-1

[Event "VI Open"]
[Site "Crema ITA"]
[Date "2004.09.05"]
[Round "5"]
[White "Bignami, Venanzio"]
[Black "Vetturi, Pietro"]
[Result "1/2-1/2"]
[WhiteElo "1532"]
[BlackElo "1691"]
[PlyCount "72"]
[EventDate "2004.09.03"]

1. e4 c5 2. f4 d6 3. Nf3 Nc6 4. h3 Nf6 5. Nc3 g6 6. Bb5 Bd7 7. Bxc6 Bxc6 8. d3
Bg7 9. Be3 e6 10. e5 dxe5 11. fxe5 Nd7 12. Bg5 Qc7 13. d4 Bxf3 14. gxf3 cxd4
15. Ne2 Qxe5 16. Qd2 O-O 17. O-O-O d3 18. Nc3 dxc2 19. Kxc2 Nf6 20. f4 Qc7 21.
Bxf6 Bxf6 22. h4 h5 23. Rdg1 Rfd8 24. Qe2 Kh7 25. Rh3 Rac8 26. Rhg3 a6 27. Kb1
Bxc3 28. Rg5 Kh6 29. Qe4 Rg8 30. bxc3 Qxc3 31. Qxb7 Rb8 32. Rxg6+ Rxg6 33.
Rxg6+ Kxg6 34. Qxb8 a5 35. Qg8+ Qg7 36. Qd8 Qf6 1/2-1/2

[Event "VI Open"]
[Site "Crema ITA"]
[Date "2004.09.05"]
[Round "5"]
[White "Bonazzi, Edoardo"]
[Black "Bonugli, Carlo"]
[Result "1-0"]
[WhiteElo "2115"]
[BlackElo "2046"]
[PlyCount "41"]
[EventDate "2004.09.03"]

1. Nf3 Nf6 2. c4 g6 3. Nc3 Bg7 4. g3 O-O 5. Bg2 d6 6. O-O e5 7. d3 c6 8. Rb1
Nbd7 9. Nd2 Nc5 10. b4 Ne6 11. b5 d5 12. bxc6 bxc6 13. Ba3 Re8 14. cxd5 cxd5
15. Nc4 Nd4 16. Nd6 Re6 17. Nxd5 Bd7 18. Nxf6+ Bxf6 19. Bxa8 Qxa8 20. Ne4 Bc6
21. Bd6 1-0

[Event "VI Open"]
[Site "Crema ITA"]
[Date "2004.09.05"]
[Round "5"]
[White "Boninsegna, Ferdinando"]
[Black "Biava, Pierluigi"]
[Result "0-1"]
[WhiteElo "1571"]
[BlackElo "1706"]
[PlyCount "72"]
[EventDate "2004.09.03"]

1. e4 c6 2. d4 d6 3. Nc3 Nd7 4. Nf3 Ngf6 5. Bc4 h6 6. e5 dxe5 7. dxe5 Ng4 8. e6
fxe6 9. Bxe6 Ngf6 10. O-O Qa5 11. Qd3 Qh5 12. Re1 Nc5 13. Qc4 Bxe6 14. Rxe6
Nxe6 15. Qxe6 Rd8 16. Bf4 g5 17. Bc7 Rd7 18. Be5 Qf7 19. Nd4 Qxe6 20. Nxe6 Kf7
21. Nc5 Rd2 22. Nxb7 Rxc2 23. Nd8+ Kg6 24. Nxc6 Rh7 25. Nxa7 Ng4 26. Nc6 Nxf2
27. a4 Nd3 28. Rb1 Rf7 29. Nd1 Rxc6 30. b4 Nxe5 31. b5 Rc8 32. b6 Nc4 33. b7
Rb8 34. Rb4 Na5 35. Ne3 e5 36. Rb5 Rbxb7 0-1

[Event "VI Open"]
[Site "Crema ITA"]
[Date "2004.09.05"]
[Round "5"]
[White "Bozuffi, Italo"]
[Black "Conca, Mauro"]
[Result "1-0"]
[WhiteElo "1739"]
[BlackElo "1646"]
[PlyCount "103"]
[EventDate "2004.09.03"]

1. f4 d5 2. Nf3 Nf6 3. e3 g6 4. d4 e6 5. Be2 c5 6. c3 b6 7. O-O Bg7 8. Ne5 O-O
9. Nd2 Ba6 10. Bxa6 Nxa6 11. g4 Nb8 12. h4 h5 13. g5 Nfd7 14. Ndf3 Qc7 15. Qe2
Nc6 16. Nxc6 Qxc6 17. Ne5 Qb7 18. Qg2 Nb8 19. Bd2 Na6 20. Rab1 Nc7 21. dxc5 Ne8
22. c6 Qc7 23. Nd7 Qxc6 24. Nxf8 Kxf8 25. Rfc1 Nd6 26. b3 b5 27. c4 bxc4 28.
Bb4 Kg8 29. Bxd6 Qxd6 30. bxc4 Rc8 31. Qd2 Bf8 32. cxd5 Rxc1+ 33. Rxc1 Qxd5 34.
Qxd5 exd5 35. Rd1 Bc5 36. Kf2 d4 37. exd4 Bb6 38. Kf3 Kf8 39. Ke4 Ke7 40. d5
Bf2 41. Kf3 Bc5 42. a4 a5 43. Ke4 Kd6 44. f5 Bf2 45. fxg6 fxg6 46. Rh1 Bg3 47.
Rh3 Be5 48. Rb3 Bh2 49. Rb6+ Kd7 50. Rxg6 Bg3 51. Rh6 Bxh4 52. Rxh5 1-0

[Event "VI Open"]
[Site "Crema ITA"]
[Date "2004.09.05"]
[Round "5"]
[White "Braghetta, Sergio"]
[Black "Damia, Angelo"]
[Result "1-0"]
[WhiteElo "2289"]
[BlackElo "2129"]
[PlyCount "43"]
[EventDate "2004.09.03"]

1. e4 c5 2. Nf3 d6 3. d4 cxd4 4. Nxd4 Nf6 5. Nc3 g6 6. Be3 Bg7 7. f3 O-O 8. Qd2
Nc6 9. Bc4 Bd7 10. h4 Rc8 11. Bb3 Ne5 12. Bh6 Qa5 13. Bxg7 Kxg7 14. h5 Nxh5 15.
O-O-O Nc4 16. Bxc4 Rxc4 17. g4 Rxc3 18. bxc3 Qxa2 19. Nb3 a5 20. gxh5 a4 21.
hxg6 Qxb3 22. Qh6+ 1-0

[Event "VI Open"]
[Site "Crema ITA"]
[Date "2004.09.05"]
[Round "5"]
[White "Calisi, Elia"]
[Black "Barberi, Alessandro"]
[Result "0-1"]
[WhiteElo "1802"]
[BlackElo "2162"]
[PlyCount "58"]
[EventDate "2004.09.03"]

1. c4 g6 2. Nc3 Bg7 3. d4 d6 4. e4 Nd7 5. Nf3 e5 6. Be2 Ne7 7. O-O O-O 8. Be3
h6 9. Qd2 Kh7 10. Rad1 f5 11. dxe5 dxe5 12. exf5 Nxf5 13. Ne4 Qe7 14. c5 Nf6
15. Nxf6+ Qxf6 16. Bc4 Ne7 17. b4 Bg4 18. Be2 Nf5 19. h3 Nxe3 20. Qxe3 Be6 21.
a3 Qf4 22. Qxf4 exf4 23. Nd2 Rad8 24. Bc4 Bf5 25. Nb1 h5 26. Bb3 f3 27. a4 fxg2
28. Kxg2 Be4+ 29. f3 Rxd1 0-1

[Event "VI Open"]
[Site "Crema ITA"]
[Date "2004.09.05"]
[Round "5"]
[White "Cammarota, Vittorio"]
[Black "Borboni, Paolo"]
[Result "1/2-1/2"]
[WhiteElo "1625"]
[BlackElo "1705"]
[PlyCount "96"]
[EventDate "2004.09.03"]

1. d4 Nf6 2. Nf3 g6 3. Bf4 Bg7 4. e3 d6 5. Be2 O-O 6. c4 Nh5 7. Bg5 c5 8. Nc3
Nc6 9. O-O h6 10. Bh4 Nf6 11. h3 cxd4 12. exd4 Nh7 13. Re1 g5 14. Bg3 f5 15. d5
Ne5 16. Bxe5 dxe5 17. Qd2 e4 18. Nh2 Be5 19. Rad1 Nf6 20. Qc2 h5 21. Nf1 Qe8
22. c5 Qg6 23. Qb3 Kg7 24. d6 exd6 25. cxd6 Nd7 26. Nb5 Nc5 27. Qd5 Nd7 28. Nc7
Qf6 29. Nxa8 g4 30. Nc7 Nb6 31. Qd2 Bd7 32. Bb5 gxh3 33. g3 Qg6 34. Bxd7 Nxd7
35. Nd5 f4 36. Kh1 h4 37. Nxf4 Bxf4 38. Qd4+ Be5 39. Qxe4 Qf6 40. Qg4+ Kh6 41.
Qxh4+ Qxh4 42. gxh4 Rxf2 43. Rxe5 Nxe5 44. d7 Nxd7 45. Rxd7 Rxf1+ 46. Kh2 Rf2+
47. Kxh3 Rxb2 48. Rd6+ Kh5 1/2-1/2

[Event "VI Open"]
[Site "Crema ITA"]
[Date "2004.09.05"]
[Round "5"]
[White "Carini, Luca"]
[Black "Distratis, Gianluca"]
[Result "0-1"]
[WhiteElo "1625"]
[BlackElo "1814"]
[PlyCount "66"]
[EventDate "2004.09.03"]

1. d4 Nf6 2. c4 c5 3. d5 b5 4. Nc3 a6 5. Qc2 d6 6. e4 b4 7. Nb1 g6 8. b3 Nxe4
9. Bb2 Nf6 10. Nd2 Bg7 11. Bd3 O-O 12. Ne2 Nbd7 13. f4 e6 14. dxe6 fxe6 15.
O-O-O Bb7 16. Rhg1 Ng4 17. Bxg7 Kxg7 18. Ne4 d5 19. cxd5 exd5 20. Ng5 Qf6 21.
Qb1 Rae8 22. Rdf1 Ne3 23. Rf2 c4 24. bxc4 dxc4 25. Be4 Nc5 26. Bxb7 Nd3+ 27.
Kd2 Nxf2 28. Ne4 Nxe4+ 29. Bxe4 Nf5 30. Kc1 Nd4 31. Ng3 Qxf4+ 32. Kd1 c3 33.
Qxb4 Qd2# 0-1

[Event "VI Open"]
[Site "Crema ITA"]
[Date "2004.09.05"]
[Round "5"]
[White "Casartelli, Fabio"]
[Black "Sartorio, Diego"]
[Result "1-0"]
[WhiteElo "1811"]
[BlackElo "1959"]
[PlyCount "45"]
[EventDate "2004.09.03"]

1. e4 e6 2. d4 d5 3. exd5 exd5 4. Nf3 Bg4 5. Be2 Bd6 6. O-O Nf6 7. Ne5 Bxe2 8.
Qxe2 O-O 9. Bg5 Nc6 10. Nxc6 bxc6 11. Qf3 Re8 12. Bxf6 Qxf6 13. Qxf6 gxf6 14.
Nc3 Rab8 15. Rab1 Rb4 16. Rfd1 Reb8 17. b3 Re8 18. Kf1 Re6 19. g3 Rb8 20. Ne2
Rbe8 21. Ng1 Bb4 22. c4 Ba5 23. b4 1-0

[Event "VI Open"]
[Site "Crema ITA"]
[Date "2004.09.05"]
[Round "5"]
[White "Christen, Peter Walter"]
[Black "Raffaldi, Fabrizio"]
[Result "0-1"]
[WhiteElo "1487"]
[BlackElo "1736"]
[PlyCount "52"]
[EventDate "2004.09.03"]

1. e4 c5 2. f4 Nc6 3. Nf3 e6 4. Bb5 a6 5. Bxc6 bxc6 6. d3 d5 7. O-O Be7 8. Be3
Nf6 9. Nbd2 Ng4 10. Bf2 Nxf2 11. Rxf2 O-O 12. c4 a5 13. Kh1 f6 14. e5 f5 15.
Qc2 Bd7 16. Rg1 Be8 17. g4 fxg4 18. Rxg4 Bh5 19. Rg1 Rxf4 20. Rfg2 g6 21. Qc3
Qf8 22. Ng5 Bxg5 23. Rxg5 Bf3+ 24. Nxf3 Rxf3 25. Rxg6+ hxg6 26. Rxg6+ Kh7 0-1

[Event "VI Open"]
[Site "Crema ITA"]
[Date "2004.09.05"]
[Round "5"]
[White "Corti, Massimo"]
[Black "Villalba, Fernando"]
[Result "1-0"]
[WhiteElo "1997"]
[BlackElo "1650"]
[PlyCount "107"]
[EventDate "2004.09.03"]

1. Nf3 d5 2. d4 Nf6 3. c4 dxc4 4. Qa4+ c6 5. Qxc4 Be6 6. Qc2 g6 7. Nc3 Bg7 8.
e4 O-O 9. h3 Na6 10. Bxa6 bxa6 11. O-O Qc7 12. Na4 Rfd8 13. Be3 Qc8 14. Ng5 Bd7
15. Nc5 Be8 16. Rac1 Nd7 17. Nb3 Nf6 18. Na5 h6 19. Nf3 g5 20. Ne5 Qe6 21. b4
Rdc8 22. f3 Nh5 23. Qc4 Qxc4 24. Rxc4 Bxe5 25. dxe5 Rc7 26. Rfc1 Rac8 27. Nb3
Nf4 28. Bxf4 gxf4 29. Nd4 e6 30. Ne2 Rd8 31. R1c2 Rcd7 32. Nxf4 Rd2 33. Nh5
Rxc2 34. Rxc2 Rc8 35. Kf2 Kf8 36. Nf4 Ke7 37. Nd3 Rb8 38. Rc5 Rd8 39. Ke3 Bd7
40. Ra5 Bc8 41. Nc5 Rd1 42. Nxa6 Rb1 43. Nb8 Kf8 44. Nxc6 Bb7 45. b5 Bxc6 46.
bxc6 Rc1 47. Ra6 h5 48. Kf4 Rc5 49. a4 Kg7 50. a5 Kg6 51. Ke3 h4 52. Kf4 f5 53.
exf5+ exf5 54. c7+ 1-0

[Event "VI Open"]
[Site "Crema ITA"]
[Date "2004.09.05"]
[Round "5"]
[White "Faraoni, Enrico"]
[Black "Cocozza, Mario"]
[Result "0-1"]
[WhiteElo "2178"]
[BlackElo "2338"]
[PlyCount "56"]
[EventDate "2004.09.03"]

1. e4 c6 2. d4 d5 3. e5 Bf5 4. Nc3 e6 5. g4 Bg6 6. Nge2 c5 7. Be3 Nc6 8. dxc5
Nxe5 9. Nf4 Ne7 10. Qe2 Qa5 11. O-O-O O-O-O 12. Qb5 Qxb5 13. Nxb5 N7c6 14. Nxg6
hxg6 15. Be2 a6 16. Nd6+ Bxd6 17. cxd6 Rxd6 18. f4 Nd7 19. c4 d4 20. h4 Nf6 21.
Bf3 Rhd8 22. Bf2 e5 23. Bxc6 Rxc6 24. fxe5 Rxc4+ 25. Kb1 Nxg4 26. Bg3 d3 27.
Rc1 Rxc1+ 28. Rxc1+ Kd7 0-1

[Event "VI Open"]
[Site "Crema ITA"]
[Date "2004.09.05"]
[Round "5"]
[White "Ficco, Corrado"]
[Black "Annoni, Riccardo"]
[Result "1-0"]
[WhiteElo "2145"]
[BlackElo "2086"]
[PlyCount "162"]
[EventDate "2004.09.03"]

1. e4 c5 2. Nf3 e6 3. d4 cxd4 4. Nxd4 Nf6 5. Nc3 Nc6 6. g3 Bb4 7. Bg2 d5 8.
exd5 Nxd5 9. Nxc6 bxc6 10. O-O Ba6 11. Ne2 O-O 12. c3 Bc5 13. Qc2 Qf6 14. a3
Bc4 15. Qe4 Nb6 16. Bf4 Bd5 17. Qc2 Bxg2 18. Kxg2 e5 19. Bd2 Rad8 20. b4 Nc4
21. Rad1 Bb6 22. Bc1 Rxd1 23. Qxd1 Qf5 24. Ng1 Rd8 25. Qe2 Qd3 26. Qxd3 Rxd3
27. Ne2 f5 28. a4 a6 29. Re1 Kf7 30. h4 h6 31. h5 Kf6 32. Kg1 Nd6 33. Rf1 Ne4
34. c4 Nxg3 35. Nxg3 Rxg3+ 36. Kh2 Rb3 37. Rd1 Bd4 38. Be3 Bxe3 39. fxe3 Ke6
40. Rg1 Kf7 41. Rg6 Rxb4 42. Rxc6 Rxa4 43. c5 Rc4 44. Rc7+ Kf6 45. c6 a5 46.
Kg3 a4 47. Kf3 a3 48. Ra7 Rxc6 49. Rxa3 Re6 50. Ra1 Re7 51. Rg1 Rc7 52. Rg6+
Kf7 53. Ra6 Rc3 54. Kf2 Rc2+ 55. Kf3 Rh2 56. Ra7+ Kg8 57. Re7 e4+ 58. Kf4 Rxh5
59. Ra7 Rg5 60. Rb7 Kh7 61. Rb6 Rg6 62. Rb1 Rf6 63. Ra1 g5+ 64. Ke5 Kg6 65. Ra8
h5 66. Rg8+ Kh7 67. Rxg5 Rf8 68. Rxh5+ Kg6 69. Rh1 Kg5 70. Rg1+ Kh4 71. Kf4 Kh3
72. Rg5 Kh4 73. Rxf5 Re8 74. Re5 Rf8+ 75. Kxe4 Kg4 76. Re7 Kg5 77. Ke5 Rf5+ 78.
Kd6 Rf6+ 79. Re6 Kf5 80. e4+ Kf4 81. Rxf6+ Kxe4 1-0

[Event "VI Open"]
[Site "Crema ITA"]
[Date "2004.09.05"]
[Round "5"]
[White "Franco, Antonello"]
[Black "Mansueti, Marco"]
[Result "0-1"]
[WhiteElo "1829"]
[BlackElo "1694"]
[PlyCount "94"]
[EventDate "2004.09.03"]

1. d4 d6 2. e4 g6 3. Nf3 Bg7 4. Bc4 Nf6 5. Nc3 O-O 6. O-O Bg4 7. h3 Bxf3 8.
Qxf3 Nbd7 9. Bg5 e5 10. d5 h6 11. Bh4 c6 12. Bb3 Nc5 13. Rfe1 g5 14. Bg3 Nxb3
15. axb3 cxd5 16. exd5 Qd7 17. Qd3 Nh5 18. Qf3 Nf4 19. Bxf4 exf4 20. Re4 Be5
21. Qd3 h5 22. Rea4 a6 23. b4 Rae8 24. R4a2 Kg7 25. Ne4 Kh6 26. Rc1 f5 27. Nd2
g4 28. c4 f3 29. gxf3 gxh3 30. Kh1 Rg8 31. Qe3+ f4 32. Qd3 Qg7 33. Qf1 Qg2+ 34.
Qxg2 hxg2+ 35. Kh2 Bd4 36. Ne4 Rxe4 37. fxe4 Bxf2 38. b3 g1=Q+ 39. Rxg1 Bxg1+
40. Kh1 Be3 41. c5 dxc5 42. bxc5 Bxc5 43. Rc2 Bb6 44. Re2 Rd8 45. Kg2 Kg5 46.
Kf3 h4 47. Rg2+ Kh5 0-1

[Event "VI Open"]
[Site "Crema ITA"]
[Date "2004.09.05"]
[Round "5"]
[White "Gromovs, Sergejs"]
[Black "Miladinovic, Igor"]
[Result "0-1"]
[WhiteElo "2341"]
[BlackElo "2630"]
[PlyCount "64"]
[EventDate "2004.09.03"]

1. d4 Nf6 2. Nf3 d5 3. c4 e6 4. Nc3 a6 5. Bg5 Be7 6. e3 O-O 7. Qc2 Nbd7 8. a3
dxc4 9. Bxc4 b5 10. Ba2 Bb7 11. Rd1 h6 12. Bh4 Rc8 13. O-O c5 14. dxc5 Rxc5 15.
Nd4 Qa8 16. f3 Rh5 17. Bg3 Nb6 18. Rfe1 Rc8 19. Qd3 Nc4 20. Re2 Rhc5 21. Rc1
Bf8 22. Nb3 Rg5 23. Rd1 Bxf3 24. gxf3 Ne5 25. Qc2 Nxf3+ 26. Kf1 Nxh2+ 27. Rxh2
Rxg3 28. Rg2 Qf3+ 29. Rf2 Qg4 30. Ke1 Rxe3+ 31. Re2 Qg1+ 32. Kd2 Rxe2+ 0-1

[Event "VI Open"]
[Site "Crema ITA"]
[Date "2004.09.05"]
[Round "5"]
[White "Gualtieri, Primo"]
[Black "Bettini, Massimo"]
[Result "0-1"]
[WhiteElo "1574"]
[BlackElo "1829"]
[PlyCount "56"]
[EventDate "2004.09.03"]

1. e4 e5 2. f4 exf4 3. Bc4 Qh4+ 4. Kf1 d6 5. Nf3 Qf6 6. d4 Nc6 7. Kf2 Bg4 8. c3
O-O-O 9. b4 Be7 10. Nbd2 Nh6 11. Bd5 Nb8 12. Qf1 c6 13. e5 Qg6 14. Be4 Bf5 15.
exd6 Rxd6 16. Ne5 Ng4+ 17. Kg1 Nxe5 18. Bxf5+ Qxf5 19. dxe5 Qxe5 20. Nc4 Qxc3
21. Bb2 Qxb4 22. Nxd6+ Bxd6 23. Qe2 Bc5+ 24. Kf1 Rd8 25. Qg4+ Nd7 26. Bxg7 Re8
27. g3 Qd2 28. Qf3 Re3 0-1

[Event "VI Open"]
[Site "Crema ITA"]
[Date "2004.09.05"]
[Round "5"]
[White "Milan, Paolo"]
[Black "Pezzotta, Gianni"]
[Result "1-0"]
[WhiteElo "1757"]
[BlackElo "1438"]
[PlyCount "83"]
[EventDate "2004.09.03"]

1. e4 c5 2. Nf3 e6 3. d4 cxd4 4. Nxd4 Nf6 5. Nc3 a6 6. Bd3 Qc7 7. O-O Nc6 8.
Nxc6 Qxc6 9. f4 b5 10. e5 Bb7 11. Qe2 Nd5 12. Ne4 Nb4 13. a3 Nxd3 14. cxd3 Be7
15. Be3 d5 16. Rac1 Qd7 17. Nc5 Bxc5 18. Bxc5 Rc8 19. d4 Qd8 20. Rc3 Rc6 21.
Rfc1 Kd7 22. Bd6 Qb6 23. Rc5 Rhc8 24. Qh5 Rxd6 25. Qxf7+ Kd8 26. exd6 Qxd6 27.
Qg8+ Kd7 28. Rxc8 Bxc8 29. Qxc8+ Ke7 30. Qc7+ Qxc7 31. Rxc7+ Kf6 32. Ra7 Kf5
33. g3 g5 34. Rxa6 gxf4 35. gxf4 h5 36. Kg2 Kg4 37. Rxe6 Kxf4 38. Re5 Kg4 39.
h3+ Kf4 40. Rxd5 h4 41. Rxb5 Ke4 42. d5 1-0

[Event "VI Open"]
[Site "Crema ITA"]
[Date "2004.09.05"]
[Round "5"]
[White "Murgia, Andrea"]
[Black "Faccio, Fabio"]
[Result "1-0"]
[WhiteElo "2107"]
[BlackElo "1811"]
[PlyCount "81"]
[EventDate "2004.09.03"]

1. e4 c5 2. c3 e6 3. d4 d5 4. exd5 exd5 5. Nf3 Nc6 6. Bb5 a6 7. Bxc6+ bxc6 8.
O-O Nf6 9. Re1+ Be6 10. Ng5 Qd7 11. Qe2 O-O-O 12. Qxa6+ Kb8 13. Bf4+ Bd6 14.
Qb6+ Kc8 15. Bxd6 Qxd6 16. dxc5 Qf4 17. Qxc6+ Kb8 18. Qb6+ Kc8 19. c6 Qc7 20.
Qa6+ Kb8 21. Na3 Bc8 22. Qb5+ Ka7 23. Qc5+ Qb6 24. Re7+ Ka6 25. Qxb6+ Kxb6 26.
c7 Rd7 27. Rae1 Kxc7 28. Nb5+ Kb6 29. a4 h6 30. Rxd7 Bxd7 31. Nxf7 Ra8 32. Ne5
Bxb5 33. axb5 Kxb5 34. f3 Re8 35. Kf2 Ka4 36. Nd3 Rxe1 37. Kxe1 Kb3 38. Kd2 Nd7
39. Kc1 d4 40. cxd4 Kc4 41. Ne5+ 1-0